F1 Drivers by Picture (1960s) - Statistics

General Stats
  • This quiz has been taken 53 times
  • The average score is 8 of 20
Answer Stats
Picture Answer % Correct
Graham Hill
93%
Jackie Stewart
85%
Jim Clark
80%
Jack Brabham
78%
Jochen Rindt
75%
Denny Hulme
65%
John Surtees
53%
Bruce McLaren
48%
Wolfgang von Trips
40%
Phil Hill
35%
Dan Gurney
30%
Lorenzo Bandini
30%
Jean-Pierre Beltoise
25%
Chris Amon
23%
Pedro Rodríguez
20%
Jo Siffert
15%
Richie Ginther
15%
Giancarlo Baghetti
10%
Innes Ireland
10%
Tony Maggs
10%
No matching quizzes found
Score Distribution
Percent of People with Each Score
Percentile by Number Answered
Your Score History
You have not taken this quiz